| 000 | 00617nam a2200181 i 4500 | ||
|---|---|---|---|
| 001 | 85752 | ||
| 003 | ES-MaACL | ||
| 005 | 20230906175311.0 | ||
| 007 | t| | ||
| 008 | 041201s1982 sp ||||1| spa d | ||
| 100 | 0 |
_aJuan Pablo _bII _cPapa, Santo. _9162513 |
|
| 245 | 1 | 0 |
_aPensamientos sobre los corazones de Jesús y María / _cJuan Pablo II, Papa ; edición preparada por Jesús Solano y Luis Mª Mendizábal. |
| 260 |
_aMadrid : _bEdapor, _c1982. |
||
| 300 |
_aVIII, 119 p. ; _c15 cm. |
||
| 700 | 1 |
_aSolano, Jesús. _9107079 |
|
| 700 | 1 |
_aMendizábal, Luis María. _980214 |
|
| 852 |
_aES-MaACL _jL-5431 _bR.105699 |
||
| 999 |
_c85752 _d85752 |
||